000 00571nam a2200217Ia 4500
003 OSt
005 20220928144945.0
006 a|||||r|||| 00| 0
007 ta
008 220927b |||||||| |||| 00| 0 eng d
024 _a77358
037 _cTextual
040 _aSDCL
_cSDCL
_beng
041 _2eng
_aeng
082 _aY:57, L9
100 _aChatterjee Pranab Kumar
_9510620
245 0 _aAspects of human fertility
_b A socio economic study.
260 _c1979
942 _hY:57, L9
_cTEXL
_2CC
999 _c830753
_d830753